000 00782nam a2200217Ii 4500
003 JO-AjNU
008 230605s9999||||xx |||||||||||||| ||und||
017 _a2002/10/2533
040 _aJO-AjNU
_bara
_erda
_cJO-AjNU
041 _aara
050 1 4 _aJC585.T376 2003
100 3 _aإعداد الطوالبة، محمد,
_eauthor
_946375
245 0 0 _aحقوق الإنسان بين النص والتطبيق
250 _aط1
264 3 1 _aعمان: مركز عمان لدراسات حقوق الانسان، 2003
300 _a234ص
_bيشتمل على جداول
336 _atext
_btxt
_2rdacontent
337 _aunmediated
_bn
_2rdamedia
338 _avolume
_bnc
_2rdacarrier
650 4 _aحقوق الانسان - قانون دولي - الحقوق المدنية
_946376
999 _aA20169
_c23737
_d23737